[Event "Schleswig-Holstein-ch Seniors-B"]
[Site "Bad Segeberg"]
[Date "2018.03.28"]
[Round "5"]
[White "Marcic, Marinko"]
[Black "Stolten, Jost"]
[Result "1-0"]
[WhiteElo "1723"]
[BlackElo "1486"]
[PlyCount "77"]
[EventDate "2018.03.24"]
[EventType "swiss"]
[EventRounds "9"]
[EventCountry "GER"]
[SourceTitle "EXT 2023"]
[Source "ChessBase"]
[SourceDate "2022.10.05"]
[SourceVersion "1"]
[SourceVersionDate "2022.10.05"]
[SourceQuality "1"]

1. d4 Nf6 2. c4 g6 3. Nc3 Bg7 4. Nf3 d6 5. e3 b6 6. Be2 Bb7 7. 0-0 0-0 8. a3 Nbd7 9. Rb1 a5 10. d5 c6 11. e4 Nc5 12. Bd3 Ng4 13. h3 Ne5 14. Nxe5 Bxe5 15. Be3 Nxd3 16. Qxd3 c5 17. a4 Bc8 18. Bh6 Bg7 19. Bxg7 Kxg7 20. f4 f5 21. e5 Ra7 22. Rbe1 Ba6 23. b3 Re8 24. Re3 Kf7 25. Rfe1 Rc7 26. exd6 Qxd6 27. g3 Qd8 28. Re6 Rd7 29. Qe3 Rd6 30. Kf1 Bc8 31. Re5 Bd7 32. Re2 e6 33. dxe6+ Rexe6 34. Nd5 Rxe5 35. Qxe5 Re6 36. Qc3 Rxe2 37. Kxe2 Be6 38. Qe5 Bxd5 39. cxd5 1-0

[Event "Schleswig-Holstein-ch Seniors-B"]
[Site "Bad Segeberg"]
[Date "2018.03.28"]
[Round "6"]
[White "Stolten, Jost"]
[Black "Fiedler, Friedrich"]
[Result "0-1"]
[WhiteElo "1486"]
[BlackElo "1850"]
[PlyCount "94"]
[EventDate "2018.03.24"]
[EventType "swiss"]
[EventRounds "9"]
[EventCountry "GER"]
[SourceTitle "EXT 2023"]
[Source "ChessBase"]
[SourceDate "2022.10.05"]
[SourceVersion "1"]
[SourceVersionDate "2022.10.05"]
[SourceQuality "1"]

1. e4 c6 2. d4 d5 3. Nd2 dxe4 4. Nxe4 Bf5 5. Ng3 Bg6 6. Be3 e6 7. Nf3 h6 8. Bd3 Bxd3 9. Qxd3 Nf6 10. h3 Nbd7 11. 0-0 Bd6 12. Ne4 Nxe4 13. Qxe4 Nf6 14. Qd3 0-0 15. Rad1 Nd5 16. c3 a6 17. a3 Qc7 18. Rd2 Rad8 19. Rfd1 c5 20. Qe4 Nxe3 21. fxe3 c4 22. Rf1 b5 23. Kh1 Qd7 24. Ne5 Qc7 25. Nf3 Bg3 26. Re2 Rfe8 27. Qc2 f5 28. e4 g6 29. e5 g5 30. Qd2 Qg7 31. Qe3 f4 32. Qg1 g4 33. Nh2 h5 34. Rd1 Qg6 35. Nf1 h4 36. Nxg3 hxg3 37. Qf1 Rf8 38. Red2 gxh3 39. gxh3 f3 40. Kg1 Qf5 41. Ra1 g2 42. Qe1 Qxh3 43. Kf2 Qh4+ 44. Kg1 Qf4 45. Kf2 Rf5 46. Qe3 Qh4+ 47. Kg1 Qh1+ 0-1